La science du beau (Record no. 157655)

MARC details
000 -LEADER
campo de control de longitud fija 00716nam a22002055i 4500
001 - NÚMERO DE CONTROL
campo de control 157655
003 - IDENTIFICADOR DE NÚMERO DE CONTROL
campo de control ES-MaACL
005 - FECHA Y HORA DE LA ÚLTIMA TRANSACCIÓN
campo de control 20250816062550.0
008 - DATOS DE LONGITUD FIJA--INFORMACIÓN GENERAL
campo de control de longitud fija 960229s1861 fr |||| | fre d
040 ## - FUENTE DE CATALOGACIÓN
Centro catalogador/agencia de origen EUS
Lengua de catalogación spa
Centro/agencia transcriptor EUS
100 1# - ENTRADA PRINCIPAL--NOMBRE DE PERSONA
Nombre de persona Lévêque, Charles (
Fechas asociadas al nombre 1818-1900)
9 (RLIN) 129189
245 13 - MENCIÓN DEL TÍTULO
Título La science du beau
Resto del título : etudiée dans ses principes, dans ses applications et dans son histoire /
Mención de responsabilidad, etc. par Charles Lévèque.
260 ## - PUBLICACIÓN, DISTRIBUCIÓN, ETC.
Lugar de publicación, distribución, etc. Paris :
Nombre del editor, distribuidor, etc. Auguste Durand, Libraire,
Fecha de publicación, distribución, etc. 1861.
300 ## - DESCRIPCIÓN FÍSICA
Extensión 2 v. (XXXVI, 412 p. ; [4], 570 p.) ;
Dimensiones 21 cm.
597 ## - NOTA DE DESCRIPCIÓN FÍSICA
NOTA DE DESCRIPCIÓN FÍSICA Antep.
650 #7 - PUNTO DE ACCESO ADICIONAL DE MATERIA--TÉRMINO DE MATERIA
Término de materia o nombre geográfico como elemento de entrada Estética
Fuente del encabezamiento o término embne
9 (RLIN) 142387
700 1# - ENTRADA AGREGADA--NOMBRE PERSONAL
Nombre de persona Durand, Auguste.
9 (RLIN) 222833
852 ## - LOCALIZACIÓN
Ubicación ES-MaACL
Número de control de estantería G-11730-31
Nota libre -- Enc. hol.
Holdings
Estatus retirado Estado de pérdida Estado de daño No para préstamo Colección Biblioteca de origen Biblioteca actual Ubicación en estantería Fecha de adquisición Total de préstamos Signatura topográfica completa Código de barras Visto por última vez Precio de reemplazo Tipo de ítem Koha
        Libros del s. XIX Biblioteca del Ateneo de Madrid Biblioteca del Ateneo de Madrid Sala Pecera Planta 3 17/01/2008   G-11730-31 1164982 23/02/2023 23/02/2023 Libro impreso antiguo